Introduction to the principles of plant taxonomy (Record no. 11003)
[ view plain ]
| 000 -LEADER | |
|---|---|
| fixed length control field | 00505nam a22001457a 4500 |
| 003 - CONTROL NUMBER IDENTIFIER | |
| control field | OSt |
| 005 - DATE AND TIME OF LATEST TRANSACTION | |
| control field | 20211009094358.0 |
| 008 - FIXED-LENGTH DATA ELEMENTS--GENERAL INFORMATION | |
| fixed length control field | 211009b |||||||| |||| 00| 0 eng d |
| 040 ## - CATALOGING SOURCE | |
| Transcribing agency | hu |
| 100 ## - MAIN ENTRY--PERSONAL NAME | |
| Personal name | Sivarajan, V. V.; Robson, N. K. P |
| 9 (RLIN) | 11836 |
| 245 ## - TITLE STATEMENT | |
| Title | Introduction to the principles of plant taxonomy |
| Statement of responsibility, etc. | , V. V.;Sivarajan N. K. P Robson, |
| 260 ## - PUBLICATION, DISTRIBUTION, ETC. | |
| Place of publication, distribution, etc. | Cambridge [England] ; New York : |
| Name of publisher, distributor, etc. | Cambridge University Press, |
| Date of publication, distribution, etc. | 1991. |
| 300 ## - PHYSICAL DESCRIPTION | |
| Extent | xiv, 292 pages |
| Other physical details | : illustrations ; |
| Dimensions | 24 cm |
| 942 ## - ADDED ENTRY ELEMENTS (KOHA) | |
| Source of classification or shelving scheme | Dewey Decimal Classification |
| Koha item type | Books like text book referance book |
| Suppress in OPAC | No |
| Withdrawn status | Lost status | Source of classification or shelving scheme | Damaged status | Not for loan | Collection code | Home library | Current library | Shelving location | Date acquired | Total Checkouts | Full call number | Barcode | Date last seen | Copy number | Price effective from | Koha item type |
|---|---|---|---|---|---|---|---|---|---|---|---|---|---|---|---|---|
| Dewey Decimal Classification | Non-fiction | Wondo Genet Library | Wondo Genet Library | General Stacks | 10/09/2021 | 581.012 SIV 1991 | WGCFNRL00003666 | 10/09/2021 | 1 | 10/09/2021 | Books like text book referance book | |||||
| Dewey Decimal Classification | Non-fiction | Wondo Genet Library | Wondo Genet Library | General Stacks | 10/09/2021 | 581.012 SIV 1991 | WGCFNRL00003667 | 10/09/2021 | 2 | 10/09/2021 | Books like text book referance book | |||||
| Dewey Decimal Classification | Non-fiction | Wondo Genet Library | Wondo Genet Library | General Stacks | 10/09/2021 | 581.012 SIV 1991 | WGCFNRL00003668 | 10/09/2021 | 3 | 10/09/2021 | Books like text book referance book | |||||
| Dewey Decimal Classification | Non-fiction | Wondo Genet Library | Wondo Genet Library | General Stacks | 10/09/2021 | 581.012 SIV 1991 | WGCFNRL00003669 | 10/09/2021 | 4 | 10/09/2021 | Books like text book referance book | |||||
| Dewey Decimal Classification | Non-fiction | Wondo Genet Library | Wondo Genet Library | General Stacks | 10/09/2021 | 581.012 SIV 1991 | WGCFNRL00003670 | 10/09/2021 | 5 | 10/09/2021 | Books like text book referance book |